Een acht en twintigtal voorwerpen uit de natuurlijke geschiedenis, geschikt voor rederijkers- and nutsvoordrachten, : (Record no. 261435)
[ view plain ]
| 000 -LEADER | |
|---|---|
| fixed length control field | 01708cam a22002533a 4500 |
| 001 - CONTROL NUMBER | |
| control field | 32180 |
| 003 - CONTROL NUMBER IDENTIFIER | |
| control field | PGUSA |
| 005 - DATE AND TIME OF LATEST TRANSACTION | |
| control field | 20140828083710.0 |
| 008 - FIXED-LENGTH DATA ELEMENTS--GENERAL INFORMATION | |
| fixed length control field | 100429s2010||||xxu|||||s|||||000 p eng d |
| 040 ## - CATALOGING SOURCE | |
| Original cataloging agency | PGUSA |
| Language of cataloging | eng |
| 042 ## - AUTHENTICATION CODE | |
| Authentication code | dc |
| 050 #4 - LIBRARY OF CONGRESS CALL NUMBER | |
| Classification number | PT |
| 100 1# - MAIN ENTRY--PERSONAL NAME | |
| Personal name | Ribbius, Gerlacus |
| 245 10 - TITLE STATEMENT | |
| Title | Een acht en twintigtal voorwerpen uit de natuurlijke geschiedenis, geschikt voor rederijkers- and nutsvoordrachten, : |
| Remainder of title | in den trant van de gedichten van den schoolmeester, met een aanbevelend woord van wijlen Mr. J. Van Lennep |
| Medium | [electronic resource] / |
| Statement of responsibility, etc | Gerlacus Ribbius |
| 260 ## - PUBLICATION, DISTRIBUTION, ETC. (IMPRINT) | |
| Name of publisher, distributor, etc | Project Gutenberg, |
| Date of publication, distribution, etc | 2010 |
| 505 0# - FORMATTED CONTENTS NOTE | |
| Formatted contents note | De Uil (Strix flammea) -- De Eend (Anas boschas) -- De Gans (Anas anser) -- De Huismusch (Fringilla domestica) -- De Mol (Talpa Europaea) -- De Elft (Clupea alosa) -- De Vink (Fringilla coelebs) -- De Spreeuw (Sturnus vulgaris) -- De Bloedzuiger (Hirudo medicinalis) -- De Duif (Columba livia) -- De Ezel (Equus asinus) -- De Snoek (Esox lucius) -- De Aap (Simia Silvanus) -- De Kikvorsch (Rana esculenta) -- De Muis (Mus musculus) -- De Spin (Aranea domestica) -- De Kat (Felis domestica) -- De Koe (Vacca of Bos taurus) -- Het Varken (Sus Scrofa domesticus) -- Het Paard (Equus caballus) -- De Ooijevaar (Ciconia alba) -- De Haas (Lepus timidus) -- De Hond (Canis familiaris) -- De Geit (Capra hircus) -- De Kwartel (Tetrao coturnix) -- De Haan (mas) (Gallus domesticus) -- De Hen (femina) (Gallus domesticus) -- Het Schaap (Ovis aries). |
| 506 ## - RESTRICTIONS ON ACCESS NOTE | |
| Terms governing access | Public domain in the USA. |
| 516 ## - TYPE OF COMPUTER FILE OR DATA NOTE | |
| Type of computer file or data note | Electronic text |
| 653 ## - INDEX TERM--UNCONTROLLED | |
| Uncontrolled term | Animals -- Poetry |
| 653 ## - INDEX TERM--UNCONTROLLED | |
| Uncontrolled term | Dutch poetry |
| 830 #0 - SERIES ADDED ENTRY--UNIFORM TITLE | |
| Uniform title | Project Gutenberg |
| Volume number/sequential designation | 32180 |
| 856 40 - ELECTRONIC LOCATION AND ACCESS | |
| Uniform Resource Identifier | <a href="http://www.gutenberg.org/ebooks/32180">http://www.gutenberg.org/ebooks/32180</a> |
| 942 ## - ADDED ENTRY ELEMENTS (KOHA) | |
| Koha item type | eBooks |
| Withdrawn status | Lost status | Damaged status | Home library | Current library | Date acquired | Total Checkouts | Date last seen | Price effective from | Koha item type |
|---|---|---|---|---|---|---|---|---|---|
| Project Gutenberg | Project Gutenberg | 08/28/2014 | 08/28/2014 | 08/28/2014 | eBooks |